000 01040nam a2200289 a 4500
003 CBULib
005 20240812135724.0
008 150123s2014 ||||||||||||||||| || u
020 _a9789211128772
040 _aCBULib
_bEnglish
_cCBULib
_erda
041 _aeng
050 _aUNCTAD(058)TDR/2014
110 _aUnited Nations Conference on Trade and Development (UNCTAD)
245 1 0 _aTrade and development report, 2014 : global governance and policy space for development
_c/ by United Nations Conference on Trade And Development (UNCTAD)
260 _aNew York :
_bUnited Nations,
_c2014
300 _axiv, 212 pages : illustrations
336 _2rdacontent
_aText |
_btxt
337 _2rdamedia
_aUnmediated |
_bn
338 _2rdacarrier
_aVolume
_bnc
500 _aBibliography
650 0 _aINTERNATIONAL ECONOMIC RELATIONS--HANDBOOKS, MANUALS, E.T.C
650 _aDEVELOPING COUNTRIES
650 0 _aINTERNATIONAL TRADE
650 0 _aINTERNATIONAL ECONOMIC RELATIONS
650 _aTRADE AND DEVELOPMENT
942 _2mc
_c029
999 _c81376
_d81376